Survey, search, seizure and settlement of cases : (Record no. 126191)

MARC details
000 -LEADER
fixed length control field 00754nam a22002417a 4500
005 - DATE AND TIME OF LATEST TRANSACTION
control field 20170124110006.0
010 ## - LIBRARY OF CONGRESS CONTROL NUMBER
LC control number A-524172
020 ## - INTERNATIONAL STANDARD BOOK NUMBER
Terms of availability 00.00
035 ## - SYSTEM CONTROL NUMBER
System control number A-524172
037 ## - SOURCE OF ACQUISITION
Source of stock number/acquisition Cen Lib/Ret
040 ## - CATALOGING SOURCE
Original cataloging agency DPL
Language of cataloging EN
082 ## - DEWEY DECIMAL CLASSIFICATION NUMBER
Classification number 343.04
Item number SHU
100 ## - MAIN ENTRY--PERSONAL NAME
Personal name Shuklendra, Acharya
9 (RLIN) 16879
245 ## - TITLE STATEMENT
Title Survey, search, seizure and settlement of cases :
Statement of responsibility, etc by Acharya Shulendra
Remainder of title under direct taxes /
250 ## - EDITION STATEMENT
Edition statement 2nd ed
260 ## - PUBLICATION, DISTRIBUTION, ETC. (IMPRINT)
Place of publication, distribution, etc Allahabad
Name of publisher, distributor, etc Modren Law Publication
Date of publication, distribution, etc 1989
270 ## - ADDRESS
Address 8, Hastings Road, Near Hgh Court
City Allahabad
Postal code 211003
300 ## - PHYSICAL DESCRIPTION
Extent xlvii,448p.
Dimensions 24cm(Hb)
500 ## - GENERAL NOTE
General note Includes index.
650 ## - SUBJECT ADDED ENTRY--TOPICAL TERM
Topical term or geographic name as entry element Law
9 (RLIN) 104
650 ## - SUBJECT ADDED ENTRY--TOPICAL TERM
Topical term or geographic name as entry element Military, tax trade & industrial law
9 (RLIN) 16880
942 ## - ADDED ENTRY ELEMENTS (KOHA)
Source of classification or shelving scheme Dewey Decimal Classification
Koha item type English Books
Classification part 343.04
Call number suffix SHU
Holdings
Withdrawn status Lost status Damaged status Not for loan Home library Current library Date acquired Source of acquisition Cost, normal purchase price Total Checkouts Full call number Barcode Date last seen Copy number Cost, replacement price Price effective from Koha item type
        Central Library Central Library 24/06/2015 Cen Lib/Ret 0.00   343.04 SHU A-524172 24/06/2015 1 0.00 24/06/2015 English Books

© Delhi Public Library
Hit Counter
free hit counter